000 00457nam a2200181Ia 4500
001 14041
005 20260306164845.0
008 260306t2014||||xx |||||||||||||| ||spa||
041 _aESP
082 _a006.3
_bH31 V. 2
100 _aHeaton, Jeff
_eAUT
245 0 _aAtificial intelligence for humans:
_bnature-inspired algorithms
260 _c2014
300 _a202 páginas :
_c23 cm.
650 _aGEN
654 _aCCC
942 _cLIB
_dJUS
_fJUS
_2ddc
_n
999 _c14041
_d14041